| 000 | 02539cam a2200361 a 4500 | ||
|---|---|---|---|
| 999 |
_c128201 _d128201 |
||
| 001 | 15291143 | ||
| 003 | ARRUPE | ||
| 005 | 20180920122438.0 | ||
| 008 | 080506s2009 enkb b 001 0 eng | ||
| 010 | _a 2008020806 | ||
| 020 | _a9780195374209 (hardback : alk. paper) | ||
| 020 | _a0195374207 (hardback : alk. paper) | ||
| 035 |
_a(OCoLC)227574034 _z(OCoLC)223876754 |
||
| 035 | _a(OCoLC)ocn227574034 | ||
| 040 |
_aDLC _cDLC _dBAKER _dBTCTA _dYDXCP _dC#P _dBWX _dCDX _dZJI _dDLC |
||
| 043 |
_af-cg--- _af-rw--- _afc----- |
||
| 050 | 0 | 0 |
_aDT658.26 _b.P78 2009 |
| 082 | 0 | 0 |
_a967.03/2 _222 |
| 100 | 1 |
_aPrunier, Gérard. _930155 |
|
| 245 | 1 | 0 |
_aAfrica's world war : _bCongo, the Rwandan genocide, and the making of a continental catastrophe / _cGérard Prunier. |
| 260 |
_aOxford ; _aNew York : _bOxford University Press, _c2009. |
||
| 300 |
_axxxviii, 529 p. : _bmaps ; _c25 cm. |
||
| 504 | _aIncludes bibliographical references (p. 469-514) and index. | ||
| 505 | 0 | _aRwanda's mixed season of hope (Jul 1994 - Apr 1995) -- From Kibeho to the attack on Zaire (Apr 1995 - Oct 1996) -- The Congo basin, its interlopers, and its onlookers (Zaire, Sudanese & Ugandans, Angolan conflict) -- Winning a virtual war (Sep 1996 - May 1997) -- Losing the real peace (Kabila, Luanda/Brazzaville, the DRC, Kivus, May 1997 - Aug 1998) -- A continental war (Augu 1998 - Aug 1999, Kinshasa, Lusaka) -- Sinking into the quagmire (Aug 1999 - Jan 2001, Rwanda, Uganda, Zimbabwe, MONUC, Mzee) -- Not with a bang, but with a whimper: the war's confused ending (Jan 2001 - Dec 2002) -- From war to peace: Congolese transition and conflict deconstruction (Jan 2003-Jul 2007) -- Groping for meaning: the "Congolese" conflict and the crisis of contemporary Africa -- Seth Sendashonga's murder. | |
| 650 | 0 |
_aGenocide _zRwanda. _92467 |
|
| 650 | 0 |
_aPolitical violence _zGreat Lakes Region (Africa) _942364 |
|
| 650 | 0 |
_aGeopolitics _zAfrica, Central. _942365 |
|
| 651 | 0 |
_aCongo (Democratic Republic) _xHistory _y1997- _925421 |
|
| 651 | 0 |
_aRwanda _xHistory _yCivil War, 1994 _xRefugees. _942366 |
|
| 651 | 0 |
_aAfrica, Central _xEthnic relations _xPolitical aspects _y20th century. _942367 |
|
| 856 | 4 | 1 |
_3Table of contents only _uhttp://www.loc.gov/catdir/toc/fy0903/2008020806.html |
| 906 |
_a7 _bcbc _corignew _d1 _eecip _f20 _gy-gencatlg |
||
| 942 |
_2lcc _cMONOGRAPH |
||